00399nam a2200181Ia 4500008004100000020001800041050001600059100001400075245001700089245001700106260001500123260001600138260000900154300001600163300002000179300001000199500000800209170918s9999 xx 000 0 und d a9780545166652 bB784pl 2010 aBow, Erin aPlain Kate / cby Erin Bow. aNew York : bScholastic, c2010 a314 pages : billustrations ; c20cm. a630